| 000 | 00568cam a22002054a 4500 | ||
|---|---|---|---|
| 001 | 14436917 | ||
| 005 | 20250129134920.0 | ||
| 008 | 060703s2007 moua 001 0 eng | ||
| 020 | _a9780323043281 | ||
| 050 | 1 | 0 |
_aRB118 _b.K562 2007 |
| 082 | 0 | 0 |
_a616.07 _222 |
| 100 | 1 | _aKing, Thomas Charles. | |
| 245 | 1 | 0 |
_aElsevier's integrated pathology / _cThomas C. King. |
| 260 |
_aSt. Louis : _bMosby Elsevier, _cc2007. |
||
| 300 |
_axi, 382 p. : _bcol. ill. ; _c28 cm. |
||
| 500 | _aIncludes index. | ||
| 650 | 0 | _aPathology. | |
| 650 | 1 | 2 | _aPathology. |
| 942 |
_2lcc _cBK _n0 |
||
| 999 |
_c3219 _d3219 |
||